00504nam a2200181Ia 4500003000900000008004100009020001800050040001600068080001200084100002100096245006000117260003700177300001600214650001400230650004100244650001700285700002000302IN-BaIIA211028s9999 xx 000 0 eng d a0-7216-7099-7 cIIA Library a52bPAS aPasachoff, Jay M 0aUniversity astronomycJay M Pasachoff and Marc L Kutner aPhiladelphiabW B Saundersc1978 axvii, 763p. aastronomy aAstronomy and astrophysics thesaurus aAstrophysics aKutner, Marc L.